Statistics for Movies with Most Academy Award Nominations since 1963

Click here to take the quiz!

General Stats

  • This quiz has been taken 914 times
  • The average score is 18 of 31

Answer Stats

Movie HintMovie% Correct
14 nominations: 1997 film starring Kate Winslet and Leonardo DiCaprioTitanic
99%
13 nominations: 1994 film starring Tom Hanks and Sally FieldForrest Gump
88%
13 nominations: 2002 musical starring Catherine Zeta-Jones and Renee Zellweger.Chicago
85%
12 nominations: 2000 film starring Russell Crowe and Joaquin Phoenix.Gladiator
85%
13 nominations: 1964 musical starring Julie Andrews and Dick Van Dyke.Mary Poppins
83%
13 nominations: 1998 film starring Joseph Fiennes and Gwyneth Paltrow.Shakespeare in Love
81%
12 nominations: 2012 film starring Daniel Day-Lewis and Sally Field.Lincoln
76%
11 nominations: 1982 film starring Ben Kingsley.Gandhi
72%
12 nominations: 1990 film starring Kevin Costner and Mary McDonnell.Dances with Wolves
69%
12 nominations: 1993 film starring Liam Neeson and Ben Kingsley.Schindler's List
68%
11 nominations: 1985 film starring Whoopi Goldberg and Oprah Winfrey.The Color Purple
67%
11 nominations: 2003 film starring Viggo Mortensen and Orlando Bloom.The Lord of the Rings: The Return of the King
67%
12 nominations: 1996 film starring Ralph Fiennes and Juliette Binoche.The English Patient
66%
11 nominations: 1998 film starring Tom Hanks and Matt DamonSaving Private Ryan
61%
12 nominations: 1964 musical starring Audrey Hepburn and Rex Harrison.My Fair Lady
60%
11 nominations: 2004 film starring Leonard DiCaprio and Cate Blanchett.The Aviator
59%
13 nominations: 2001 film starring Ian McKellan and Viggo Mortensen.The Lord of the Rings: The Fellowship of the Ring
59%
13 nominations: 2009 film starring Brad Pitt and Cate Blanchett.The Curious Case of Benjamin Button
58%
11 nominations: 1984 film starring Tom Hulce and F. Murray Abraham.Amadeus
55%
11 nominations: 1974 film starring Jack Nicholson and Faye Dunaway.Chinatown
52%
11 nominations: 1985 film starring Meryl Streep and Robert RedfordOut of Africa
52%
11 nominations: 1983 film starring Shirley MacLaine and Debra Winger.Terms of Endearment
49%
12 nominations: 1981 film starring Warren Beatty and Diane KeatonReds
44%
11 nominations: 1974 film starring Al Pacino and Robert Duvall.The Godfather Part II
43%
11 nominations: 1968 musical starring Mark Lester and Ron Moody.Oliver!
37%
11 nominations: 2012 film starring Suraj Sharma and Irrfan Khan.Life of Pi
35%
13 nominations: 1966 film starring Elizabeth Taylor and Richard Burton.Who's Afraid of Virginia Woolf?
35%
11 nominations: 1977 film starring Jane Fonda and Vanessa Redgrave.Julia
25%
11 nominations: 1984 film starring Judy Davis and Peggy Ashcroft.A Passage to India
21%
11 nominations: 1977 film starring Shirley MacLaine and Anne Bancroft.The Turning Point
18%
12 nominations: 1964 film starring Richard Burton and Peter O'Toole.Becket
16%

Score Distribution

Percentile by Number Answered

Percent of People with Each Score

Your Score History

You have not taken this quiz